FEDERAL PRACTIKE DIEGEST (Record no. 12461)
[ view plain ]
| 000 -LEADER | |
|---|---|
| fixed length control field | 00273nam a22001217a 4500 |
| 008 - FIXED-LENGTH DATA ELEMENTS--GENERAL INFORMATION | |
| fixed length control field | 170502b xxu||||| |||| 00| 0 eng d |
| 041 ## - LANGUAGE CODE | |
| Language code of text/sound track or separate title | eng |
| 080 ## - UNIVERSAL DECIMAL CLASSIFICATION NUMBER | |
| Edition identifier | 4 ED |
| Universal Decimal Classification number | 34 |
| 100 ## - Rafti | |
| Rafti | 13 |
| 101 ## - Shkurtesa | |
| Shkurtesa | shj |
| 245 ## - TITLE STATEMENT | |
| Title | FEDERAL PRACTIKE DIEGEST |
| Statement of responsibility, etc | WEISTHAM.M |
| 942 ## - ADDED ENTRY ELEMENTS (KOHA) | |
| Source of classification or shelving scheme | |
| Item type | Books |
| Withdrawn status | Lost status | Source of classification or shelving scheme | Damaged status | Not for loan | Collection code | Permanent location | Current location | Shelving location | Date acquired | Total Checkouts | Full call number | Barcode | Date last seen | Price effective from | Koha item type |
|---|---|---|---|---|---|---|---|---|---|---|---|---|---|---|---|
| Koleksioni i përgjithshem | UBT - Lipjan | UBT - Lipjan | Koleksioni i përgjithshem | 05/02/2017 | 34 WEI | 002-283753 | 05/02/2017 | 05/02/2017 | Books | ||||||
| Koleksioni i përgjithshem | UBT - Lipjan | UBT - Lipjan | Koleksioni i përgjithshem | 05/02/2017 | 34 WEI | 002-283749 | 05/02/2017 | 05/02/2017 | Books |